000 00425pab a2200169 454500
008 180718b2001 xxu||||| |||| 00| 0 eng d
100 _aPanda, Abinash
245 _aUnderstanding organizational culture: a perspective on roles for leader
260 _c2001
300 _ap.3-19
362 _aOct-Dec
650 _aLeadership
650 _aOrganizations
700 _aGupta, R.K.
773 _aVikalpa
909 _a51697
999 _c51697
_d51697